| 000 | 00490cam a22002054a 4500 | ||
|---|---|---|---|
| 005 | 20250605164318.0 | ||
| 008 | 250528s ||||||||||||||||||||||||d | ||
| 035 | _a22794 | ||
| 020 | _a9780030211126 | ||
| 040 |
_aGR-AtMCL _bgre _dGR-AtMCL _eAACR2 |
||
| 245 | 1 | _aINTERNATIONAL MARKETING | |
| 250 | _a8 | ||
| 260 |
_bThe Dryden Press, _c2000 |
||
| 300 | _a753 | ||
| 700 | 1 |
_aSarathy Ravi _91749 |
|
| 700 | 1 |
_aTerpstra Vern _91750 |
|
| 942 | _cBK | ||
| 999 |
_c7839 _d7839 |
||